| 000 | 01052nam a22002537a 4500 | ||
|---|---|---|---|
| 001 | 3722 | ||
| 003 | FISKH | ||
| 005 | 20240425083825.0 | ||
| 007 | |||
| 008 | 240425b cb ||||| |||| 00| 0 eng d | ||
| 040 |
_aFISKH _beng _cFISKH _dFISKH |
||
| 050 | _aPZ7 | ||
| 082 | _a398.209596 | ||
| 100 | _aAnonymous | ||
| 245 |
_aប្រជុំរឿងព្រេងខ្មែរ ភាគទី ២ / _c ក្រុមប្រជុំទំនៀមទំលាប់ខ្មែរ |
||
| 260 |
_aភ្នំពេញ : _bគ្រិះស្ថានបោះពុម្ព និងចែកផ្សាយនៃក្រសួងអប់រំ យុវជន និងកីឡា, _c2009. |
||
| 300 |
_a106 pages : _c25 cm |
||
| 520 | _aប្រជុំរឿងព្រេងខ្មែរ ភាគ២ ថ្នាក់ទូទៅ ។ | ||
| 520 | _aCollection of Khmer legends, part 2, general level. | ||
| 650 | _aរឿងនិទាន | ||
| 650 | _aFairy tale | ||
| 942 |
_2ddc _cKHB _n0 |
||
| 999 |
_c3722 _d3722 |
||